Los Costes del nuevo procedimiento concursal

Bibliographic Details
Main Author: Ull Salcedo, Maria Victoria
Format: Book
Language:Spanish
Published: Madrid : Dykinson, 2006
Subjects:
Online Access:Acceso restringido

MARC

LEADER 00000nam a2200000 a 4500
005 20120229141937.0
007 cr|||| ||||
008 070220s2006 sp |||||| |00| ||spa|c
020 |a 8497728483 
035 |a 1730 
040 |d vLex 
090 |c 3050  |d 3050 
100 1 |a Ull Salcedo, Maria Victoria 
245 1 4 |a Los Costes del nuevo procedimiento concursal   |h [Recurso electrn̤ico] /  |c Maria Victoria Ull Salcedo 
256 |a Servicio en ln̕ea 
260 |a Madrid :  |b Dykinson,  |c 2006 
300 |a 1 recurso electrn̤ico 
506 1 |a Contenido solo disponible en los productos indicados  |d vLex Global   |d vLex Global (Academic Edition, excluding Law Schools)   |d vLex Global (U.S. Academic Edition, Law Schools)   |d vLex Global (U.S. Academic Edition, excluding Law Schools)   |d vLex Global (Academic Edition, Law Schools)  
650 0 4 |a Deudor y creditor  |z Espaą 
650 0 4 |a Fallida  |x Derecho  |z Espaą 
650 0 4 |a Derecho concursal  |z Espaą 
740 0 |a vLex Libros (Servicio en ln̕ea) 
856 4 0 |u http://vlex.com/source/costes-nuevo-procedimiento-concursal-1730  |z Acceso restringido 
942 |c BOOK